UBT Library

Burning wood and coal / (Record no. 42369)

000 -LEADER
fixed length control field 00578cam a2200217 a 4500
001 - CONTROL NUMBER
control field 3333506
005 - DATE AND TIME OF LATEST TRANSACTION
control field 20180213064501.0
008 - FIXED-LENGTH DATA ELEMENTS--GENERAL INFORMATION
fixed length control field 851017s1985 nyua b 000 0 eng
010 ## - LIBRARY OF CONGRESS CONTROL NUMBER
LC control number 85025966
020 ## - INTERNATIONAL STANDARD BOOK NUMBER
International Standard Book Number 093581700X (pbk.) :
Terms of availability $4.95
040 ## - CATALOGING SOURCE
Original cataloging agency DLC
Transcribing agency DLC
Modifying agency DLC
-- WaU
-- DLC
041 ## - LANGUAGE CODE
Language code of text/sound track or separate title eng
080 ## - UNIVERSAL DECIMAL CLASSIFICATION NUMBER
Universal Decimal Classification number 697..042 sus
082 00 - DEWEY DECIMAL CLASSIFICATION NUMBER
Classification number 697..042 sus
Edition number 19
100 ## - Rafti
Rafti 9
101 ## - Shkurtesa
Shkurtesa mje
245 00 - TITLE STATEMENT
Title Burning wood and coal /
Statement of responsibility, etc by Susan MacKay ... [et al.].
504 ## - BIBLIOGRAPHY, ETC. NOTE
Bibliography, etc Bibliography: p. 90.
906 ## - LOCAL DATA ELEMENT F, LDF (RLIN)
a 7
b cbc
c orignew
d 1
e ocip
f 19
g y-gencatlg
942 ## - ADDED ENTRY ELEMENTS (KOHA)
Source of classification or shelving scheme
Item type Books
Holdings
Withdrawn status Lost status Source of classification or shelving scheme Damaged status Not for loan Collection code Permanent location Current location Shelving location Date acquired Total Checkouts Full call number Barcode Date last seen Price effective from Koha item type
          Koleksioni i përgjithshem UBT - Lipjan UBT - Lipjan Koleksioni i përgjithshem 02/13/2018   697..042 sus 002-2997384 02/13/2018 02/13/2018 Books
UBT Library © 2015-2024. All rights reserved University Education for Business and Technology